000 00611nam a2200217Ia 4500
003 OSt
005 20220317111213.0
008 210716s1996 xx 000 0 und d
020 _a0256139504
040 _cAIMIT LIBRARY
041 _aeng
082 _a658.848
_29
_bCATP
100 _aCateora, Philip R.
_924007
245 _aInternational marketing /
250 _a9th ed.
260 _aChicago :
_bIrwin ,
_c1996.
300 _aXxiii, 770p. ;
_c28 cm.
650 _aCultural environment of global markets
_924008
650 _aDeveloping global marketing
_924009
942 _2ddc
_cBK
_e9th
_k658.848 CATP
999 _c206049
_d206049